| 000 | 00390nam a2200145Ia 4500 | ||
|---|---|---|---|
| 100 | _aDobler/D.W// Burt/dn. | ||
| 942 | _cBK | ||
| 654 | _aPurchaing and Meterials Management | ||
| 245 | _aPurchasing and Materials Management : Purchasing and Materials Management | ||
| 260 |
_bTata Mc Graw hill _aNew Deihi _c1984 |
||
| 082 | _a658.7 | ||
| 300 | _a796 | ||
| 546 | _aENGLISH | ||
| 999 |
_c35167 _d35167 |
||